01008cpmaa2200277 a 4500001001300000003000400013005001700017008004100034010001700075040002400092072001200116100003800128245004700166300001300213506002200226520021200248545003700460546003600497580005700533610002700590650003200617656002100649656002000670656002300690999001700713mm 78000003 DLC20260227111618.0781212|||||||||||| eng  amm 78000003  aDLCcDLCedacsdDLC 7aL2lcmd1 aAbbott, Edwin Abbott,d1838-1926.00aEdwin Abbott Abbott correspondence,f1877. a1fitem.0 aOpen to research.8 aALS (City of London School, Milk Street, Cheapside, London; 1877 November 27) from Abbott while serving as headmaster of the City of London School to an unidentified individual regarding educational matters.0 aClergyman, author, and educator. aCollection material in English. aForms part of: Miscellaneous Manuscripts collection.20aCity of London School. 0aEducationzEnglandzLondon. 7aAuthors.2itoamc 7aClergy.2itoamc 7aEducators.2itoamc c39488d39488